000 00403nam a22001697a 4500
003 MPLRDC
005 20220104124650.0
008 210129b ||||| |||| 00| 0 eng d
082 _a330.39 HZH
100 _a黄壮侯等著
245 _a怎样学好初中物理
_c
250 _a一版一刷
260 _a
_b广东科技出版社
_c1983
300 _b
650 _a
942 _cBK
_o330.39 HZH
999 _c21158
_d21148